[Event "RUS-chT L1"]
[Site "Sochi RUS"]
[Date "2004.04.22"]
[Round "3.2"]
[White "Ayupov, Damir"]
[Black "Roppel, Konstantin"]
[Result "1/2-1/2"]
[WhiteElo "2325"]
[BlackElo "2303"]
[EventDate "2004.04.20"]
[PlyCount "66"]

1.d4 g6 2.c4 Bg7 3.Nf3 Nf6 4.Nc3 d6 5.e4 O-O 6.Be2 e5 7.O-O Nc6 8.d5 Ne7 
9.b4 Nh5 10.Re1 Nf4 11.Bf1 a5 12.bxa5 c5 13.Nd2 Rxa5 14.a4 Ra6 15.Ra3 g5 
16.g3 Nfg6 17.Bg2 Bd7 18.Nb5 h6 19.Nf1 f5 20.exf5 Nxf5 21.Nd2 Nd4 22.Ne4 
Bf5 23.h3 Rf7 24.Rf1 Qe7 25.Qh5 Qd7 26.h4 gxh4 27.Bxh6 h3 28.Bxh3 Bxh3 29.
Qxg6 Bf5 30.Qxg7+ Rxg7 31.Nf6+ Kh8 32.Nxd7 Rxd7 33.Nxd4 cxd4 1/2-1/2

[Event "RUS-chT L1"]
[Site "Sochi RUS"]
[Date "2004.04.22"]
[Round "3.3"]
[White "Cherniaev, Alexander"]
[Black "Lianguzov, Oleg"]
[Result "1/2-1/2"]
[WhiteElo "2270"]
[BlackElo "2303"]
[EventDate "2004.04.20"]
[PlyCount "113"]

1.d4 Nf6 2.c4 g6 3.Nc3 Bg7 4.e4 d6 5.Bg5 O-O 6.f3 Nc6 7.Nge2 a6 8.Qd2 Rb8 
9.a4 Re8 10.h4 e5 11.d5 Nd4 12.Nxd4 exd4 13.Ne2 c5 14.h5 b5 15.axb5 axb5 
16.cxb5 Rxb5 17.hxg6 hxg6 18.Nxd4 Rb7 19.Nc6 Qb6 20.Ra8 Bd7 21.Rxe8+ Bxe8 
22.b4 cxb4 23.Be3 Qc7 24.Bh6 Bh8 25.Bg5 Nh5 26.Bd8 Bc3 27.Bxc7 Bxc6 28.
Bxd6 Ba4 29.g4 Bxd2+ 30.Kxd2 Nf6 31.Bd3 Nd7 32.Ra1 Bb5 33.Rb1 Bxd3 34.Kxd3
b3 35.Kc3 Rb6 36.Be7 f5 37.Bb4 fxe4 38.fxe4 Nf6 39.Bc5 Nxe4+ 40.Kd4 Nxc5 
41.Kxc5 Rb8 42.Kc6 b2 43.d6 Rb3 44.d7 Rc3+ 45.Kd6 Rd3+ 46.Ke6 Re3+ 47.Kf6 
Rd3 48.Ke7 Re3+ 49.Kd8 Re2 50.Kc7 Rc2+ 51.Kd6 Rd2+ 52.Ke6 Re2+ 53.Kf6 Rd2 
54.Rxb2 Rxd7 55.Rb6 Rd8 56.Ke7 Rd4 57.Rxg6+ 1/2-1/2

[Event "RUS-chT L1"]
[Site "Sochi RUS"]
[Date "2004.04.22"]
[Round "3.4"]
[White "Sharafiev, Azat"]
[Black "Davydov, Sergei"]
[Result "0-1"]
[WhiteElo "2255"]
[BlackElo "2249"]
[EventDate "2004.04.20"]
[PlyCount "62"]

1.e4 e6 2.b3 d5 3.Bb2 c5 4.exd5 exd5 5.d4 Nf6 6.Nf3 Be7 7.Be2 O-O 8.O-O 
Nc6 9.Nbd2 Bf5 10.Re1 Rc8 11.Nf1 cxd4 12.Nxd4 Nxd4 13.Qxd4 Rxc2 14.b4 Rc8 
15.Ne3 Be6 16.Bf3 a5 17.a3 axb4 18.axb4 Qd6 19.Ra4 b5 20.Ra7 Qxb4 21.Qxb4 
Bxb4 22.Rb1 Bc5 23.Rb7 d4 24.Nf1 b4 25.Nd2 Rfd8 26.Kf1 Bd5 27.Bxd5 Nxd5 
28.Nb3 Nc3 29.Rc1 Bf8 30.f3 g6 31.h3 d3 0-1

[Event "RUS-chT L1"]
[Site "Sochi RUS"]
[Date "2004.04.22"]
[Round "3.1"]
[White "Kasparov, Sergei"]
[Black "Turov, Maxim"]
[Result "1/2-1/2"]
[WhiteElo "2497"]
[BlackElo "2528"]
[EventDate "2004.04.20"]
[PlyCount "79"]

1.e4 c5 2.Nf3 d6 3.d4 cxd4 4.Nxd4 Nf6 5.f3 e5 6.Nb3 Be6 7.c4 Nbd7 8.Be3 
Rc8 9.Na3 a6 10.Be2 Be7 11.Qd2 O-O 12.O-O Ne8 13.Na5 b6 14.Nb3 g6 15.Rac1 
f5 16.exf5 gxf5 17.f4 Nef6 18.Bf3 Nc5 19.Nxc5 bxc5 20.b3 Kh8 21.Rcd1 e4 
22.Be2 Qe8 23.Kh1 Rg8 24.Nb1 Qg6 25.Rg1 d5 26.cxd5 Nxd5 27.Nc3 Nxe3 28.
Qxe3 c4 29.Nd5 Bc5 30.Qc3+ Rg7 31.Ne3 cxb3 32.Bxa6 Bxe3 33.Bxc8 Bxg1 34.
Rxg1 bxa2 35.Bxe6 Qxe6 36.Ra1 e3 37.Qb2 e2 38.Qb8+ Rg8 39.Qb2+ Rg7 40.Qb8+
1/2-1/2

[Event "RUS-chT L1"]
[Site "Sochi RUS"]
[Date "2004.04.22"]
[Round "3.3"]
[White "Meshkov, Yury"]
[Black "Vyetik, Viacheslav"]
[Result "0-1"]
[WhiteElo "2396"]
[BlackElo "2436"]
[EventDate "2004.04.20"]
[PlyCount "52"]

1.c4 e5 2.g3 Nc6 3.Bg2 f5 4.e3 Nf6 5.Nc3 g6 6.Nge2 Bg7 7.d4 e4 8.f3 exf3 
9.Bxf3 O-O 10.O-O d6 11.Rb1 a5 12.a3 Kh8 13.b4 axb4 14.axb4 Ne7 15.Qb3 g5 
16.b5 Ng6 17.b6 c6 18.Bxc6 bxc6 19.b7 Bxb7 20.Qxb7 Qe8 21.Rxf5 Qe6 22.Rxg5
Bh6 23.Rxg6 hxg6 24.e4 Nxe4 25.d5 Qh3 26.Bb2 Ng5 0-1

[Event "RUS-chT L1"]
[Site "Sochi RUS"]
[Date "2004.04.22"]
[Round "3.4"]
[White "Khlian, Eduard"]
[Black "Chadaev, Nikolay"]
[Result "1-0"]
[WhiteElo "2460"]
[BlackElo "2370"]
[EventDate "2004.04.20"]
[PlyCount "107"]

1.d4 g6 2.g3 Bg7 3.Bg2 d6 4.e4 Nf6 5.Ne2 O-O 6.Nbc3 Nbd7 7.O-O e5 8.h3 
exd4 9.Nxd4 Re8 10.Re1 Nc5 11.Bf4 Nh5 12.Be3 Nf6 13.f3 a6 14.Qd2 d5 15.
Nde2 Ncd7 16.Nxd5 Ne5 17.Bg5 Bxh3 18.Rad1 Bxg2 19.Kxg2 c6 20.Nxf6+ Bxf6 
21.Qc3 Qe7 22.Bxf6 Qxf6 23.f4 Ng4 24.Qxf6 Nxf6 25.Nc3 Red8 26.Kf3 Kf8 27.
e5 Ne8 28.Ne4 h5 29.c4 Ke7 30.c5 Nc7 31.Rd6 Nb5 32.Rxd8 Rxd8 33.Nd6 Nd4+ 
34.Ke4 Ne6 35.Rc1 Rb8 36.b4 a5 37.bxa5 Kd7 38.f5 gxf5+ 39.Kxf5 Ke7 40.Rb1 
Nxc5 41.Nxb7 Nd7 42.Rb3 Ra8 43.Ra3 Ra6 44.Ke4 Ra7 45.a6 f6 46.exf6+ Kxf6 
47.Kd4 Ke7 48.Nc5 Kd6 49.Nxd7 Kxd7 50.Kc5 Kc7 51.Ra4 Ra8 52.a7 Kb7 53.Ra3 
Kc7 54.Rf3 1-0

[Event "RUS-chT L1"]
[Site "Sochi RUS"]
[Date "2004.04.23"]
[Round "4.1"]
[White "Volkov, Sergei"]
[Black "Moiseenko, Alexander"]
[Result "1-0"]
[WhiteElo "2629"]
[BlackElo "2631"]
[EventDate "2004.04.20"]
[PlyCount "81"]

1.d4 Nf6 2.c4 e6 3.Nc3 Bb4 4.e3 b6 5.Ne2 Ne4 6.Bd2 Nxd2 7.Qxd2 O-O 8.a3 
Be7 9.g3 Bb7 10.d5 d6 11.Bg2 e5 12.O-O Nd7 13.f4 g6 14.Rae1 Bf6 15.g4 Bg7 
16.g5 Qe7 17.Ng3 f5 18.gxf6 Nxf6 19.Bh3 Bc8 20.f5 gxf5 21.Nxf5 Bxf5 22.
Rxf5 Nd7 23.Rh5 Rf6 24.Bf5 Rh6 25.Rxh6 Bxh6 26.Qg2+ Bg7 27.Ne4 Nf8 28.Qg4 
a6 29.Re2 b5 30.Rg2 Kh8 31.Qh5 Bf6 32.cxb5 axb5 33.h3 Rb8 34.Kh2 Ra8 35.
Rc2 Ra7 36.Rf2 b4 37.axb4 Rb7 38.Bc8 Rb8 39.Rxf6 Rxb4 40.Rf7 Rxb2+ 41.Kg3 
1-0

[Event "RUS-chT L1"]
[Site "Sochi RUS"]
[Date "2004.04.23"]
[Round "4.3"]
[White "Popov, Valery"]
[Black "Tomashevsky, Evgeny"]
[Result "0-1"]
[WhiteElo "2547"]
[BlackElo "2503"]
[EventDate "2004.04.20"]
[PlyCount "166"]

1.d4 Nf6 2.c4 e6 3.Nc3 Bb4 4.Qc2 c5 5.dxc5 Qc7 6.a3 Bxc5 7.b4 Be7 8.Nb5 
Qc6 9.Nf3 d6 10.Nfd4 Qb6 11.Be3 Qd8 12.Bg5 a6 13.Nc3 Bd7 14.e4 Nc6 15.Nxc6
Bxc6 16.Rd1 Qc7 17.Bd3 Rc8 18.O-O h6 19.Bf4 Bd7 20.Qe2 e5 21.Bd2 O-O 22.
Rc1 Rfe8 23.h3 Bf8 24.a4 Qb8 25.a5 Be6 26.Be3 Be7 27.Rfd1 Nd7 28.Nd5 Bg5 
29.Bxg5 hxg5 30.Qe3 g4 31.h4 Rc6 32.Be2 Qc8 33.Qg5 Kf8 34.g3 Qd8 35.Qd2 
Kg8 36.Rc3 Nf6 37.Qe3 Bxd5 38.exd5 Rc8 39.Rcc1 e4 40.Rc3 Re5 41.Qd4 Qe7 
42.Re3 g6 43.Re1 Kg7 44.Bd1 Qc7 45.Bb3 Rce8 46.Kf1 Qd7 47.Bc2 Qf5 48.R1e2 
Kh6 49.Ba4 Rh8 50.Bc2 Rhe8 51.Qb6 Qd7 52.Ke1 Kg7 53.Kd2 R5e7 54.Kc3 Re5 
55.Kb2 Qe7 56.Qd4 Kg8 57.Ka3 Kh7 58.Ba4 Rc8 59.Bb3 Kg8 60.Kb2 Kh7 61.Rc3 
Nd7 62.Rec2 Rf5 63.Re3 Re5 64.Ka2 f5 65.Rec3 Qd8 66.Ba4 Nf6 67.Kb2 Rb8 68.
Bb3 b6 69.axb6 Qxb6 70.Qxb6 Rxb6 71.Ka3 Rb8 72.Ba4 Kg7 73.Bc6 Kf7 74.Ka4 
Ke7 75.Ka5 Kd8 76.Rb2 Nd7 77.Kxa6 Nb6 78.Ka5 Re7 79.Bb5 Ra7+ 80.Ba6 Nd7 
81.b5 Nc5 82.Ra2 Kc7 83.Rca3 Nxa6 0-1

[Event "RUS-chT L1"]
[Site "Sochi RUS"]
[Date "2004.04.23"]
[Round "4.2"]
[White "Tregubov, Pavel"]
[Black "Kryakvin, Dmitry"]
[Result "1-0"]
[WhiteElo "2636"]
[BlackElo "2471"]
[EventDate "2004.04.20"]
[PlyCount "129"]

1.d4 Nf6 2.Nf3 g6 3.c4 Bg7 4.g3 c6 5.Bg2 d5 6.O-O O-O 7.b3 a5 8.Nc3 Ne4 9.
Bb2 Nxc3 10.Bxc3 Bg4 11.cxd5 Bxf3 12.Bxf3 cxd5 13.Qd3 Nc6 14.e3 e6 15.Qb5 
Ra6 16.Be2 Qb6 17.Qa4 Raa8 18.Rfc1 Rfc8 19.a3 Bf8 20.Ra2 Ra7 21.Rac2 Nb4 
22.Rd2 Nc6 23.Bb2 Ne7 24.Rdc2 Rxc2 25.Rxc2 Nf5 26.Qb5 Qd8 27.Qd3 Nd6 28.a4
Ra8 29.Bc3 Rc8 30.Be1 b6 31.Kg2 Rc7 32.f3 f5 33.h3 Qc8 34.Rxc7 Qxc7 35.g4 
Qc1 36.Qc3 Qxc3 37.Bxc3 Bh6 38.Bd2 Kf7 39.Bd3 Ke7 40.Kf2 Kd7 41.Ke2 Bg5 
42.Be1 Bf6 43.Bg3 Kc6 44.Kd2 Kd7 45.Bf1 Kc6 46.Kd3 Kd7 47.Bg2 Kc6 48.h4 
fxg4 49.fxg4 h5 50.gxh5 gxh5 51.Bf3 Nf5 52.Bf4 Ng7 53.Bg5 Bxg5 54.hxg5 Kd6
55.e4 dxe4+ 56.Kxe4 Nf5 57.g6 h4 58.Bg4 Ne7 59.g7 Ng8 60.Kf4 Ke7 61.Ke5 
Kf7 62.Bxe6+ Kxg7 63.d5 Kf8 64.d6 h3 65.Bxg8 1-0

[Event "RUS-chT L1"]
[Site "Sochi RUS"]
[Date "2004.04.23"]
[Round "4.3"]
[White "Vyetik, Viacheslav"]
[Black "Sorokin, Maxim"]
[Result "1/2-1/2"]
[WhiteElo "2436"]
[BlackElo "2583"]
[EventDate "2004.04.20"]
[PlyCount "57"]

1.d4 Nf6 2.c4 e6 3.Nf3 b6 4.Nc3 Bb4 5.Bg5 Bb7 6.e3 h6 7.Bh4 c5 8.Bd3 Bxf3 
9.Qxf3 Nc6 10.a3 cxd4 11.axb4 dxc3 12.bxc3 Ne5 13.Qe2 Qc7 14.O-O Nxd3 15.
Qxd3 O-O 16.Bxf6 gxf6 17.Qd4 f5 18.Rfd1 Rfc8 19.Qf6 Qd8 20.Qxd8+ Rxd8 21.
Kf1 Kf8 22.Ra6 Ke7 23.Rda1 Rac8 24.Rxa7 Rxc4 25.R1a3 Rdc8 26.Rb7 R8c6 27.
Raa7 Rd6 28.Rc7 Rxc7 29.Rxc7 1/2-1/2

[Event "RUS-chT L1"]
[Site "Sochi RUS"]
[Date "2004.04.23"]
[Round "4.4"]
[White "Khismatullin, Denis"]
[Black "Khlian, Eduard"]
[Result "1/2-1/2"]
[WhiteElo "2537"]
[BlackElo "2460"]
[EventDate "2004.04.20"]
[PlyCount "54"]

1.e4 c6 2.d4 d5 3.exd5 cxd5 4.c4 Nf6 5.Nc3 e6 6.Nf3 Bb4 7.Bd3 dxc4 8.Bxc4 
a6 9.O-O b5 10.Bd3 Be7 11.Re1 Bb7 12.a3 O-O 13.Bg5 Nd5 14.Ne4 Nd7 15.Rc1 
Rc8 16.b4 Nc3 17.Rxc3 Rxc3 18.Nxc3 Bxg5 19.Be4 Bxe4 20.Nxe4 Bh6 21.d5 exd5
22.Qxd5 Nf6 23.Qxd8 Rxd8 24.Nc5 g6 25.Ne5 Bf8 26.Ned3 Rd5 27.Kf1 a5 
1/2-1/2

[Event "RUS-chT L1"]
[Site "Sochi RUS"]
[Date "2004.04.23"]
[Round "4.1"]
[White "Ozgibtsev, Anatoly"]
[Black "Rodin, Dmitrij"]
[Result "1/2-1/2"]
[WhiteElo "2435"]
[BlackElo "2452"]
[EventDate "2004.04.20"]
[PlyCount "41"]

1.e4 d5 2.exd5 Nf6 3.Nf3 Nxd5 4.d4 g6 5.Bc4 Bg7 6.O-O O-O 7.c3 Nc6 8.Nbd2 
Bf5 9.Re1 Re8 10.Bb5 Nb6 11.Nf1 a6 12.Bxc6 bxc6 13.Qe2 a5 14.Ne5 Qd6 15.
Ng3 e6 16.Nf3 Bg4 17.Ne4 Qd5 18.Bf4 Bxf3 19.Qxf3 f5 20.Nd2 Na4 21.Qd1 
1/2-1/2

[Event "RUS-chT L1"]
[Site "Sochi RUS"]
[Date "2004.04.23"]
[Round "4.4"]
[White "Lukyanenko, Alexander"]
[Black "Shestakov, Dmitry"]
[Result "0-1"]
[WhiteElo "2410"]
[BlackElo "2152"]
[EventDate "2004.04.20"]
[PlyCount "94"]

1.e4 c6 2.d4 d5 3.Nc3 dxe4 4.Nxe4 Bf5 5.Qf3 e6 6.Be3 Nd7 7.Bd3 Bb4+ 8.Kf1 
Bxe4 9.Qxe4 Ngf6 10.Qh4 Be7 11.Qg3 g6 12.Ne2 Nd5 13.Nf4 Nxe3+ 14.Qxe3 Qb6 
15.b3 Bf6 16.c3 O-O-O 17.Re1 e5 18.dxe5 Qxe3 19.Rxe3 Nxe5 20.Be2 Rd2 21.g3
Rxa2 22.Kg2 Rd8 23.Rd1 Rxd1 24.Bxd1 Rd2 25.Be2 b5 26.Nh3 Kc7 27.Kf1 a5 28.
f4 Nd7 29.Nf2 Rb2 30.Bd1 Nc5 31.Ng4 Bg7 32.Re7+ Kd6 33.Rxf7 Bxc3 34.Rxh7 
Rd2 35.Bf3 Nxb3 36.Rh6 Nd4 37.Rxg6+ Kc5 38.Rg5+ Kb6 39.Ne5 a4 40.Nd7+ Kc7 
41.Ne5 a3 42.Rg7+ Kb6 43.Nd7+ Ka5 44.Nb8 a2 45.Ra7+ Kb6 46.Ra6+ Kb7 47.
Nxc6 Kxa6 0-1

[Event "RUS-chT L1"]
[Site "Sochi RUS"]
[Date "2004.04.23"]
[Round "4.1"]
[White "Zontakh, Andrei"]
[Black "Kasparov, Sergei"]
[Result "1/2-1/2"]
[WhiteElo "2520"]
[BlackElo "2497"]
[EventDate "2004.04.20"]
[PlyCount "56"]

1.e4 c6 2.d4 d5 3.Nc3 dxe4 4.Nxe4 Bf5 5.Ng3 Bg6 6.h4 h6 7.Nf3 Nd7 8.h5 Bh7
9.Bd3 Bxd3 10.Qxd3 e6 11.Bf4 Bb4+ 12.c3 Be7 13.O-O-O Ngf6 14.Kb1 O-O 15.
Ne5 Nxe5 16.Bxe5 Ng4 17.Qe2 Nxe5 18.dxe5 Qc7 19.f4 Rad8 20.Ne4 Rxd1+ 21.
Rxd1 Rd8 22.g4 b5 23.Rxd8+ Qxd8 24.b3 Kf8 25.Kc2 Qa5 26.Kd1 Qd8+ 27.Kc2 
Qa5 28.Kd1 Qd8+ 1/2-1/2

[Event "RUS-chT L1"]
[Site "Sochi RUS"]
[Date "2004.04.23"]
[Round "4.1"]
[White "Shomoev, Anton"]
[Black "Kutuzov, Denis"]
[Result "1/2-1/2"]
[WhiteElo "2487"]
[BlackElo "2277"]
[EventDate "2004.04.20"]
[PlyCount "77"]

1.e4 e6 2.d4 d5 3.Nc3 dxe4 4.Nxe4 Nd7 5.Nf3 Ngf6 6.Bg5 h6 7.Nxf6+ Nxf6 8.
Bh4 c5 9.Bc4 cxd4 10.O-O Be7 11.Qe2 O-O 12.Rad1 Qb6 13.Nxd4 Re8 14.c3 Bd7 
15.Nf3 Red8 16.Ne5 Be8 17.Bd3 Qc5 18.Rfe1 Nd5 19.Bg3 Nf6 20.c4 b6 21.Kh1 
Rac8 22.h3 Nd7 23.a3 a5 24.Ng4 Nf6 25.Be5 Nxg4 26.Qxg4 Bf8 27.Qe4 g6 28.
Bf6 Rd7 29.Qf4 Bg7 30.Bf1 Qc7 31.Qxc7 Rcxc7 32.Bxg7 Kxg7 33.Kg1 Kf6 34.f4 
Rxd1 35.Rxd1 Rd7 36.Rxd7 Bxd7 37.Kf2 e5 38.Ke3 Bc6 39.g3 1/2-1/2

[Event "RUS-chT L1"]
[Site "Sochi RUS"]
[Date "2004.04.23"]
[Round "4.2"]
[White "Roppel, Konstantin"]
[Black "Ivanov, Timur"]
[Result "1/2-1/2"]
[WhiteElo "2303"]
[BlackElo "2419"]
[EventDate "2004.04.20"]
[PlyCount "80"]

1.d4 d6 2.Nf3 g6 3.Bf4 Bg7 4.e3 Nd7 5.Be2 e5 6.dxe5 dxe5 7.Bg3 Nh6 8.Nc3 
Nf5 9.e4 Nxg3 10.hxg3 O-O 11.O-O c6 12.Bc4 Qe7 13.Qe2 a5 14.a4 Nc5 15.Nd1 
Bd7 16.b3 Kh8 17.Nc3 Ne6 18.Rae1 Rad8 19.Nd1 Bc8 20.Nb2 Rfe8 21.Rd1 Nd4 
22.Nxd4 exd4 23.Rde1 Kg8 24.f4 d3 25.Nxd3 Bc3 26.Rd1 Bd4+ 27.Kh2 h5 28.e5 
Bg4 29.Qe4 Bf5 30.Qe2 Kg7 31.Ne1 Bg4 32.Nf3 Ba7 33.Rxd8 Rxd8 34.Rd1 Rxd1 
35.Qxd1 Qc5 36.e6 Bxf3 37.gxf3 fxe6 38.Kh3 Qg1 39.Qxg1 Bxg1 40.Bxe6 Kf6 
1/2-1/2

[Event "RUS-chT L1"]
[Site "Sochi RUS"]
[Date "2004.04.23"]
[Round "4.3"]
[White "Abashev, Denis"]
[Black "Cherniaev, Alexander"]
[Result "1-0"]
[WhiteElo "2412"]
[BlackElo "2270"]
[EventDate "2004.04.20"]
[PlyCount "79"]

1.e4 d6 2.d4 Nf6 3.Nc3 g6 4.Be3 c6 5.Nf3 b5 6.Bd3 a6 7.O-O Bg7 8.h3 O-O 9.
Qd2 Nbd7 10.e5 Nd5 11.exd6 exd6 12.Nxd5 cxd5 13.a4 bxa4 14.Rxa4 Nb6 15.Ra2
Nc4 16.Bxc4 dxc4 17.d5 Bb7 18.Bd4 Bxd4 19.Qxd4 Rc8 20.Nd2 Qg5 21.Ne4 Qe5 
22.Rd1 f5 23.Qxe5 dxe5 24.Nd6 Rc7 25.Ra4 Rd8 26.Rxc4 Rxc4 27.Nxc4 e4 28.d6
Bc6 29.Na5 Bd7 30.c4 Rc8 31.b4 Kf8 32.c5 Ke8 33.Rd5 Be6 34.Rd4 Bd7 35.g4 
h5 36.gxf5 gxf5 37.h4 Bb5 38.Rd5 Bd7 39.Re5+ Kf8 40.c6 1-0

[Event "RUS-chT L1"]
[Site "Sochi RUS"]
[Date "2004.04.23"]
[Round "4.4"]
[White "Zhukov, Vladimir"]
[Black "Dashibalov, Erdem"]
[Result "1/2-1/2"]
[WhiteElo "2281"]
[BlackElo "2324"]
[EventDate "2004.04.20"]
[PlyCount "109"]

1.e4 e5 2.Nf3 Nc6 3.Bb5 a6 4.Ba4 Nf6 5.Qe2 b5 6.Bb3 Be7 7.a4 Rb8 8.d4 d5 
9.dxe5 Nxe4 10.axb5 axb5 11.c3 Bg4 12.Bf4 Nc5 13.Bc2 b4 14.h3 Bh5 15.g4 
Bg6 16.Nd4 Nxd4 17.cxd4 Bxc2 18.Qxc2 b3 19.Qe2 Ne6 20.Be3 Bb4+ 21.Kf1 O-O 
22.Qd3 c5 23.dxc5 d4 24.Bd2 Qd5 25.f3 Nxc5 26.Qe2 Bxd2 27.Nxd2 Rbe8 28.Rh2
d3 29.Qe3 Rxe5 30.Qf4 Rfe8 31.Qc4 Qxc4 32.Nxc4 Re2 33.Rf2 h5 34.Ra5 d2 35.
Nxd2 Re1+ 36.Kg2 Nd3 37.Nxb3 Nxf2 38.Kxf2 h4 39.Nd4 Rh1 40.Kg2 Rd1 41.Ra4 
Rd2+ 42.Kf1 Rxb2 43.Nf5 Rd8 44.Ra1 Rh2 45.Kg1 Rdd2 46.Ra8+ Kh7 47.Ra7 Rxh3
48.Rxf7 Rxf3 49.Rxg7+ Kh8 50.Rf7 Rc3 51.Nxh4 Rg3+ 52.Kf1 Rh3 53.Ng6+ Kg8 
54.Rf2 Rxf2+ 55.Kxf2 1/2-1/2

[Event "RUS-chT L1"]
[Site "Sochi RUS"]
[Date "2004.04.23"]
[Round "4.1"]
[White "Askarov, Marat"]
[Black "Pugachov, Alexei"]
[Result "1-0"]
[WhiteElo "2404"]
[BlackElo "2453"]
[EventDate "2004.04.20"]
[PlyCount "93"]

1.g3 Nf6 2.Bg2 d5 3.Nf3 c6 4.d4 Bf5 5.O-O e6 6.c4 Nbd7 7.b3 Bd6 8.Nc3 h6 
9.Nd2 O-O 10.Bb2 Qe7 11.a3 Rfd8 12.Re1 e5 13.e4 Bg4 14.f3 exd4 15.exd5 
dxc3 16.Rxe7 cxb2 17.Rb1 Bxe7 18.fxg4 Bxa3 19.b4 a5 20.h4 cxd5 21.g5 hxg5 
22.hxg5 Ne4 23.Nxe4 dxe4 24.Qd5 Nf8 25.Qxe4 axb4 26.Qxb7 Rab8 27.Qa7 Rbc8 
28.c5 Rd7 29.Qa5 Rd2 30.Rf1 g6 31.c6 Ne6 32.Be4 Rd6 33.Bd5 Nxg5 34.Qa6 Rc7
35.Qb6 Rc8 36.Qb7 Rf8 37.c7 Kg7 38.Bg2 b3 39.c8=Q Rxc8 40.Qxc8 Ne6 41.Qc3+
Nd4 42.Qc7 Rf6 43.Qe5 Be7 44.Rd1 Nf5 45.g4 Bd6 46.Qxb2 Bc5+ 47.Kh2 1-0

[Event "RUS-chT L1"]
[Site "Sochi RUS"]
[Date "2004.04.23"]
[Round "4.2"]
[White "Chuprov, Dmitry"]
[Black "Ayupov, Damir"]
[Result "0-1"]
[WhiteElo "2549"]
[BlackElo "2325"]
[EventDate "2004.04.20"]
[PlyCount "82"]

1.e4 e6 2.Nf3 d5 3.e5 c5 4.b4 cxb4 5.a3 d4 6.axb4 Bxb4 7.c3 dxc3 8.Qa4+ 
Nc6 9.Bb5 cxd2+ 10.Nbxd2 Bxd2+ 11.Bxd2 Ne7 12.Ba5 b6 13.Bb4 Bd7 14.Rd1 Rc8
15.O-O Nd5 16.Rxd5 exd5 17.Bxc6 Bxc6 18.Qa6 h5 19.Nd4 Bd7 20.Qd3 Rc4 21.
Bd6 Rh6 22.f4 b5 23.Kh1 Qb6 24.Ne2 Rxd6 25.exd6 Qxd6 26.f5 a5 27.Nd4 Qe5 
28.Nf3 Qxf5 29.Qe3+ Qe6 30.Qa7 a4 31.Qb8+ Rc8 32.Qf4 Qg4 33.Qd6 Be6 34.Re1
Rc2 35.Qb8+ Ke7 36.Qa7+ Kf6 37.Rg1 Qf4 38.Qa5 Rc1 39.Ne1 Qe3 40.Qb4 d4 41.
h3 Qc3 0-1

[Event "RUS-chT L1"]
[Site "Sochi RUS"]
[Date "2004.04.23"]
[Round "4.3"]
[White "Lianguzov, Oleg"]
[Black "Kabanov, Nikolai"]
[Result "1/2-1/2"]
[WhiteElo "2303"]
[BlackElo "2519"]
[EventDate "2004.04.20"]
[PlyCount "94"]

1.e4 c5 2.Nf3 Nc6 3.c4 e5 4.Be2 d6 5.O-O f5 6.exf5 Bxf5 7.d3 Nf6 8.Nh4 Be6
9.f4 Qd7 10.Nc3 O-O-O 11.Nf3 h6 12.Kh1 exf4 13.d4 Bf5 14.Bxf4 g5 15.Be3 
Bg7 16.d5 Ne7 17.Rc1 Rhe8 18.Qd2 Ng4 19.Bg1 Ng6 20.Rfe1 Nf4 21.b4 Nxe2 22.
Nxe2 b6 23.bxc5 dxc5 24.a4 Qxa4 25.Ng3 Bh7 26.h3 Ne5 27.Nxe5 Bxe5 28.Ne2 
Qd7 29.Bh2 Be4 30.Kg1 Bg7 31.Nc3 Qf5 32.Nxe4 Rxe4 33.Qa2 Bd4+ 34.Kh1 Kb7 
35.Qa4 Be5 36.Qc6+ Kb8 37.Rxe4 Qxe4 38.Bxe5+ Qxe5 39.Rf1 Qd6 40.Qb5 Qd7 
41.Qb2 g4 42.hxg4 Qxg4 43.Qe5+ Ka8 44.Rf4 Qd7 45.Rf6 Rg8 46.Re6 Qf7 47.Kh2
Qf2 1/2-1/2

[Event "RUS-chT L1"]
[Site "Sochi RUS"]
[Date "2004.04.24"]
[Round "5.3"]
[White "Tunik, Gennady"]
[Black "Sorokin, Maxim"]
[Result "1-0"]
[WhiteElo "2487"]
[BlackElo "2583"]
[EventDate "2004.04.20"]
[PlyCount "59"]

1.d4 Nf6 2.c4 e6 3.Nf3 b6 4.g3 Ba6 5.Qb3 c6 6.Bg5 Be7 7.Nc3 d5 8.Bxf6 Bxf6
9.e4 Bb7 10.cxd5 cxd5 11.Bb5+ Nc6 12.exd5 exd5 13.O-O O-O 14.Bxc6 Bxc6 15.
Rfe1 Re8 16.Rxe8+ Qxe8 17.Re1 Qd8 18.Ne5 Bb7 19.a4 Be7 20.a5 Bf8 21.Qb5 
Rc8 22.axb6 axb6 23.Ra1 Bd6 24.Ra7 Bxe5 25.Rxb7 Bxd4 26.Nxd5 Rc1+ 27.Kg2 
Rc5 28.Ne7+ Kh8 29.Qd7 Qa8 30.Nc6 1-0

[Event "RUS-chT L1"]
[Site "Sochi RUS"]
[Date "2004.04.24"]
[Round "5.4"]
[White "Volzhin, Alexander"]
[Black "Evdokimov, Alexander"]
[Result "1/2-1/2"]
[WhiteElo "2539"]
[BlackElo "2495"]
[EventDate "2004.04.20"]
[PlyCount "49"]

1.Nf3 c5 2.c4 Nf6 3.Nc3 e6 4.e4 Nc6 5.Be2 a6 6.O-O Qc7 7.d4 cxd4 8.Nxd4 
Be7 9.Be3 O-O 10.Rc1 Nxd4 11.Qxd4 d6 12.Rfd1 Bd7 13.Qd2 Rfd8 14.f3 Be8 15.
Bf1 b6 16.Kh1 Qb7 17.a4 Rac8 18.Qf2 Nd7 19.b3 Nc5 20.Qa2 a5 21.Bd4 Bg5 22.
Rb1 Qe7 23.Ne2 Bf6 24.Bf2 Be5 25.Nd4 1/2-1/2

[Event "RUS-chT L1"]
[Site "Sochi RUS"]
[Date "2004.04.24"]
[Round "5.3"]
[White "Chebotarev, Oleg"]
[Black "Yevseev, Denis"]
[Result "0-1"]
[WhiteElo "2442"]
[BlackElo "2580"]
[EventDate "2004.04.20"]
[PlyCount "158"]

1.e4 c6 2.d4 d5 3.Nc3 dxe4 4.Nxe4 Bf5 5.Nc5 Nd7 6.Nxb7 Qc7 7.Nc5 Nxc5 8.
dxc5 Rd8 9.Qe2 e6 10.Qc4 Qe5+ 11.Be2 Qxc5 12.c3 Qxc4 13.Bxc4 Bc5 14.Nf3 
Ne7 15.Ke2 O-O 16.Bf4 Nd5 17.Bd2 Nb6 18.Ba6 Na4 19.b3 Rxd2+ 20.Nxd2 Nxc3+ 
21.Kf3 Rd8 22.Rac1 Rxd2 23.Rxc3 Bd4 24.Rxc6 g5 25.Rf1 h5 26.h3 Rxa2 27.g4 
Bg6 28.Rd6 Bc5 29.Rc6 Bb6 30.Bc4 Rd2 31.gxh5 Bxh5+ 32.Kg3 Rd7 33.Re1 Kg7 
34.f4 gxf4+ 35.Kxf4 Bg6 36.Re2 Bc7+ 37.Ke3 Bb6+ 38.Kf4 Bf5 39.Kg3 Rd8 40.
h4 Kf6 41.Re1 Rd4 42.Rh1 Re4 43.Kg2 Re3 44.Rf1 Ke5 45.Rxf5+ Kxf5 46.Rc8 
Kg6 47.Rg8+ Kh7 48.Rg3 Re1 49.Bb5 Kh6 50.Be8 Re2+ 51.Kh3 Bc7 52.Bb5 Rb2 
53.Re3 Bf4 54.Rf3 f5 55.Be2 Rxe2 56.Rxf4 Re3+ 57.Kg2 Rxb3 58.Ra4 Kh5 59.
Rxa7 Kxh4 60.Re7 Re3 61.Kf2 Re4 62.Rg7 Rg4 63.Re7 Rg6 64.Kf3 Kg5 65.Re8 
Kf6 66.Rf8+ Ke5 67.Ra8 Rg1 68.Ra6 Rb1 69.Ke3 Rb3+ 70.Ke2 f4 71.Ra5+ Ke4 
72.Ra4+ Kf5 73.Kf2 e5 74.Ra5 f3 75.Kg3 Ke4 76.Ra1 Kd4 77.Re1 e4 78.Kf4 f2 
79.Rxe4+ Kd5 0-1

[Event "RUS-chT L1"]
[Site "Sochi RUS"]
[Date "2004.04.24"]
[Round "5.4"]
[White "Kiriakov, Petr"]
[Black "Zimmerman, Yury"]
[Result "1/2-1/2"]
[WhiteElo "2568"]
[BlackElo "2355"]
[EventDate "2004.04.20"]
[PlyCount "127"]

1.d4 Nf6 2.c4 g6 3.Nc3 Bg7 4.e4 d6 5.Nf3 O-O 6.Be2 e5 7.O-O Nc6 8.d5 Ne7 
9.Ne1 Nd7 10.Be3 f5 11.f3 f4 12.Bf2 g5 13.a4 Ng6 14.a5 Kh8 15.Nd3 Rg8 16.
c5 Nf6 17.cxd6 cxd6 18.Nb5 g4 19.fxg4 Nxe4 20.Bxa7 Bd7 21.Bb6 Qe7 22.Nc7 
Raf8 23.Ne6 Bxe6 24.dxe6 Ng5 25.Nb4 e4 26.Nd5 Qxe6 27.Nc7 Qe5 28.Bc4 f3 
29.Bxg8 Rxg8 30.gxf3 Nxf3+ 31.Rxf3 exf3 32.Qxf3 Rf8 33.Qe3 Qxb2 34.Rf1 
Rxf1+ 35.Kxf1 Be5 36.Qg5 Qb1+ 37.Kf2 Qc2+ 38.Kf1 Qc4+ 39.Kf2 Qc2+ 40.Kf1 
Qd1+ 41.Kf2 Bd4+ 42.Bxd4+ Qxd4+ 43.Qe3 Qxg4 44.Qe8+ Kg7 45.Ne6+ Kf6 46.
Qd8+ Kf5 47.Ng7+ Ke5 48.Qc7 Qd4+ 49.Kf1 Qa1+ 50.Kf2 Qb2+ 51.Kg1 Qb4 52.Kf1
Qb1+ 53.Kf2 Qb2+ 54.Kg1 Ke4 55.Qc4+ Qd4+ 56.Qxd4+ Kxd4 57.Ne6+ Kd5 58.Nd8 
Ne5 59.Kf2 Nc4 60.Nxb7 Kc6 61.a6 Kb6 62.Nxd6 Nxd6 63.Kf3 Kxa6 64.Kf4 
1/2-1/2

[Event "RUS-chT L1"]
[Site "Sochi RUS"]
[Date "2004.04.24"]
[Round "5.1"]
[White "Rodin, Dmitrij"]
[Black "Askarov, Marat"]
[Result "1-0"]
[WhiteElo "2452"]
[BlackElo "2404"]
[EventDate "2004.04.20"]
[PlyCount "55"]

1.e4 c5 2.Nf3 d6 3.d4 cxd4 4.Nxd4 Nf6 5.Nc3 a6 6.f4 Qc7 7.Be3 b5 8.Bd3 Bb7
9.Qf3 Nbd7 10.O-O b4 11.Nb1 g6 12.a3 Nc5 13.Nd2 bxa3 14.Rxa3 Bg7 15.Rc3 
Qd7 16.b4 Ng4 17.Nc4 Nxe3 18.Qxe3 Ne6 19.e5 dxe5 20.Nxe6 Qxe6 21.Nxe5 Qd5 
22.Rf2 O-O 23.Rc7 Rab8 24.Rxe7 Rbe8 25.c4 Qd8 26.Rxb7 f6 27.Qa7 Bh6 28.Ng4
1-0

[Event "RUS-chT L1"]
[Site "Sochi RUS"]
[Date "2004.04.24"]
[Round "5.3"]
[White "Sergienko, Sergei"]
[Black "Lianguzov, Oleg"]
[Result "1-0"]
[WhiteElo "2404"]
[BlackElo "2303"]
[EventDate "2004.04.20"]
[PlyCount "61"]

1.d4 Nf6 2.c4 g6 3.Nc3 Bg7 4.e4 d6 5.h3 O-O 6.Bg5 h6 7.Be3 c5 8.d5 e6 9.
Bd3 exd5 10.cxd5 Re8 11.Nf3 c4 12.Bc2 b5 13.a3 a5 14.Nxb5 Nxe4 15.O-O Bb7 
16.Bxh6 Ba6 17.Rb1 Bf6 18.Re1 Bxb5 19.Bxe4 Ba6 20.Qc2 Kh7 21.Bf4 Ra7 22.h4
Kg7 23.h5 gxh5 24.Qc1 Rh8 25.Be3 Ra8 26.Bb6 Qd7 27.Bd4 Bxd4 28.Nxd4 Qd8 
29.Qc3 Kg8 30.Nf5 Qg5 31.f4 1-0

[Event "RUS-chT L1"]
[Site "Sochi RUS"]
[Date "2004.04.24"]
[Round "5.4"]
[White "Sharafiev, Azat"]
[Black "Terentiev, Vitaly"]
[Result "1/2-1/2"]
[WhiteElo "2255"]
[BlackElo "2387"]
[EventDate "2004.04.20"]
[PlyCount "33"]

1.e4 c6 2.d4 d5 3.Nd2 dxe4 4.Nxe4 Nf6 5.Nxf6+ exf6 6.Be2 Na6 7.Bxa6 Qa5+ 
8.Bd2 Qxa6 9.Qe2+ Qxe2+ 10.Nxe2 Be6 11.a3 O-O-O 12.O-O-O Bd6 13.Rhe1 h5 
14.Bf4 h4 15.Bxd6 Rxd6 16.Nf4 Rhd8 17.Nxe6 1/2-1/2